000 00953nam a2200265Ia 4500
003 OSt
005 20221005105604.0
006 a|||||r|||| 00| 0
007 ta
008 221004b |||||||| |||| 00| 0 hin d
020 _a9789386687524 (hbk)
_cINR 1000.00
024 _a43433
037 _b56, 20/02/2019, Mallika Books
_cTextual
040 _aCRL
_cCRL
_bhin
041 _2hin
_ahin
082 _aY:1.2, 152Q8
100 _aपटेल, शारदा आर, ले.
245 0 _aभारतीय कला एवं संस्कृति
246 _aBhāratīya kalā evan sanskṛuti
260 _aनई दिल्ली
_bरावत प्रकाशन भारत
_c2018
300 _a200पृ0
_ccm.
650 _aसमाजशास्त्र
942 _hY:1.2, 152Q8
_cTEXL
_2cc
999 _c1016270
_d1016270